| 000 | 00649nam a2200205 a 4500 | ||
|---|---|---|---|
| 001 | 372 | ||
| 003 | CDMR | ||
| 005 | 20131016174456.0 | ||
| 008 | 130130s1967||||||||||||||||||||||||||||d | ||
| 040 |
_aCDMR _bcat _cCDMR |
||
| 100 | 1 |
_aTebbel, John _9256 |
|
| 245 | 1 | 0 |
_aBreve historia del periódico norteamericano _cJohn Tebbel ; traducción deenrique F. Gual |
| 246 | _aThe Compact History of the American Newspaper | ||
| 260 |
_aBarcelona _c1967 _bMontaner y Simón |
||
| 300 |
_a297 p ; _c24 cm |
||
| 650 | 0 | 4 |
_aPremsa _zEstats Units _9257 _xHistòria |
| 650 | 0 | 4 |
_aPremsa i propaganda _93176 |
| 650 | 0 | 4 |
_aEmpreses periodístiques _9311 |
| 942 |
_cMON _2udc |
||
| 999 |
_c372 _d372 |
||